[Event "Team men PL final"]
[Site "Sochi"]
[Date "2018.05.10"]
[Round "9.12"]
[White "Vdovin, Maxim"]
[Black "Oparin, Grigoriy"]
[Result "0-1"]
[BlackElo "2584"]
[WhiteElo "2139"]
[LiveChessVersion "1.4.8"]

1. d4 {[%clk 1:30:54]} f5 {[%clk 1:30:55]} 2. Nf3 {[%clk 1:31:19]} Nf6
{[%clk 1:31:20]} 3. c4 {[%clk 1:31:25]} g6 {[%clk 1:31:33]} 4. Nc3
{[%clk 1:31:16]} Bg7 {[%clk 1:31:53]} 5. g3 {[%clk 1:31:16]} O-O {[%clk 1:32:14]}
6. Bg2 {[%clk 1:31:42]} d6 {[%clk 1:32:39]} 7. O-O {[%clk 1:32:00]} c6
{[%clk 1:33:06]} 8. b3 {[%clk 1:23:13]} Na6 {[%clk 1:32:23]} 9. Bb2
{[%clk 1:23:29]} Qc7 {[%clk 1:32:27]} 10. Re1 {[%clk 1:08:39]} e5
{[%clk 1:29:20]} 11. e4 {[%clk 1:03:33]} exd4 {[%clk 1:11:29]} 12. Nxd4
{[%clk 1:03:37]} f4 {[%clk 1:11:50]} 13. gxf4 {[%clk 0:37:09]} Nh5
{[%clk 1:12:13]} 14. Nce2 {[%clk 0:36:33]} Qf7 {[%clk 1:05:42]} 15. Qd2
{[%clk 0:35:20]} Bg4 {[%clk 1:00:53]} 16. h3 {[%clk 0:26:36]} Bxe2
{[%clk 1:00:43]} 17. Nxe2 {[%clk 0:26:39]} Bxb2 {[%clk 1:00:50]} 18. Qxb2
{[%clk 0:27:06]} Nxf4 {[%clk 1:01:13]} 19. Nxf4 {[%clk 0:27:32]} Qxf4
{[%clk 1:01:38]} 20. Rad1 {[%clk 0:27:35]} Rae8 {[%clk 0:53:49]} 21. Qd2
{[%clk 0:25:42]} Re6 {[%clk 0:48:26]} 22. Re2 {[%clk 0:22:13]} Qh4
{[%clk 0:39:43]} 23. Qe3 {[%clk 0:17:18]} Ref6 {[%clk 0:35:10]} 24. Qg3
{[%clk 0:15:21]} Qxg3 {[%clk 0:34:57]} 25. fxg3 {[%clk 0:15:40]} Re8
{[%clk 0:34:59]} 26. Rf2 {[%clk 0:15:38]} Ree6 {[%clk 0:34:53]} 27. Rxf6
{[%clk 0:15:15]} Rxf6 {[%clk 0:35:19]} 28. Re1 {[%clk 0:15:30]} Nc5
{[%clk 0:35:00]} 29. Re3 {[%clk 0:15:22]} a5 {[%clk 0:31:59]} 30. a3
{[%clk 0:13:58]} Nd7 {[%clk 0:32:08]} 31. b4 {[%clk 0:11:45]} axb4
{[%clk 0:32:05]} 32. axb4 {[%clk 0:12:11]} Ne5 {[%clk 0:32:31]} 33. Rc3
{[%clk 0:11:55]} Kf7 {[%clk 0:25:32]} 34. c5 {[%clk 0:11:33]} Ke7
{[%clk 0:24:56]} 35. h4 {[%clk 0:06:49]} Rf8 {[%clk 0:22:22]} 36. Ra3
{[%clk 0:05:00]} dxc5 {[%clk 0:20:21]} 37. bxc5 {[%clk 0:05:20]} Kd7
{[%clk 0:20:05]} 38. Bh3+ {[%clk 0:03:38]} Kc7 {[%clk 0:20:19]} 39. Kg2
{[%clk 0:01:51]} Rd8 {[%clk 0:20:16]} 40. Be6 {[%clk 0:31:43]} Rd2+
{[%clk 0:50:16]} 41. Kh3 {[%clk 0:31:46]} Rc2 {[%clk 0:50:41]} 42. Ra8
{[%clk 0:31:51]} Rxc5 {[%clk 0:51:00]} 43. h5 {[%clk 0:31:42]} Kd6
{[%clk 0:49:26]} 44. Bg8 {[%clk 0:31:33]} gxh5 {[%clk 0:49:35]} 45. Bxh7
{[%clk 0:31:59]} b5 {[%clk 0:49:21]} 46. Bf5 {[%clk 0:32:12]} b4 {[%clk 0:48:39]}
47. Kh4 {[%clk 0:31:43]} b3 {[%clk 0:48:49]} 48. Rd8+ {[%clk 0:32:09]} Ke7
{[%clk 0:48:52]} 49. Rd1 {[%clk 0:32:32]} b2 {[%clk 0:49:00]} 50. Rb1
{[%clk 0:32:57]} Rc2 {[%clk 0:49:26]} 51. Kxh5 {[%clk 0:33:10]} Kf6
{[%clk 0:49:48]} 0-1

[Event "Team men PL final"]
[Site "Sochi"]
[Date "2018.05.10"]
[Round "9.13"]
[White "Potkin, Vladimir"]
[Black "Artemiev, Vladislav"]
[Result "1/2-1/2"]
[BlackElo "2704"]
[WhiteElo "2574"]
[LiveChessVersion "1.4.8"]

1. e4 {[%clk 1:30:56]} d6 {[%clk 1:29:16]} 2. d4 {[%clk 1:31:02]} g6
{[%clk 1:29:37]} 3. Nf3 {[%clk 1:30:26]} Nf6 {[%clk 1:29:34]} 4. Nc3
{[%clk 1:30:49]} Bg7 {[%clk 1:29:50]} 5. Be2 {[%clk 1:31:04]} O-O
{[%clk 1:29:16]} 6. O-O {[%clk 1:31:19]} Nc6 {[%clk 1:29:01]} 7. Be3
{[%clk 1:24:33]} e5 {[%clk 1:19:05]} 8. dxe5 {[%clk 1:23:57]} dxe5
{[%clk 1:19:24]} 9. Bb5 {[%clk 1:23:27]} Bd7 {[%clk 1:16:17]} 10. Qe2
{[%clk 1:10:07]} Re8 {[%clk 1:08:48]} 11. Rad1 {[%clk 1:08:03]} Qc8
{[%clk 1:09:10]} 12. a3 {[%clk 0:51:29]} h6 {[%clk 1:03:05]} 13. h3
{[%clk 0:47:49]} a6 {[%clk 1:01:59]} 14. Bc4 {[%clk 0:47:27]} Be6
{[%clk 0:55:22]} 15. Bxe6 {[%clk 0:40:43]} Qxe6 {[%clk 0:55:18]} 16. Nd5
{[%clk 0:40:35]} Rac8 {[%clk 0:55:41]} 17. Nxf6+ {[%clk 0:40:24]} Qxf6
{[%clk 0:56:04]} 18. Rd5 {[%clk 0:40:26]} Qe6 {[%clk 0:55:11]} 19. c3
{[%clk 0:34:11]} f5 {[%clk 0:53:08]} 20. Bc1 {[%clk 0:30:50]} Nd8
{[%clk 0:51:21]} 21. Rfd1 {[%clk 0:26:36]} Nf7 {[%clk 0:49:01]} 22. Ne1
{[%clk 0:25:59]} Rcd8 {[%clk 0:45:07]} 23. Rxd8 {[%clk 0:24:33]} Rxd8
{[%clk 0:45:19]} 24. Rxd8+ {[%clk 0:24:56]} Nxd8 {[%clk 0:45:45]} 25. exf5
{[%clk 0:13:53]} gxf5 {[%clk 0:45:54]} 26. f4 {[%clk 0:14:18]} exf4
{[%clk 0:43:15]} 27. Qxe6+ {[%clk 0:11:53]} Nxe6 {[%clk 0:43:38]} 28. Kf2
{[%clk 0:08:27]} Be5 {[%clk 0:32:15]} 29. Nd3 {[%clk 0:08:52]} Bd6
{[%clk 0:32:40]} 30. Kf3 {[%clk 0:09:14]} Ng5+ {[%clk 0:33:02]} 31. Kf2
{[%clk 0:09:39]} Ne6 {[%clk 0:33:13]} 32. Kf3 {[%clk 0:10:05]} Ng5+
{[%clk 0:33:34]} 33. Kf2 {[%clk 0:10:23]} Ne6 {[%clk 0:33:50]} 1/2-1/2

[Event "Team men PL final"]
[Site "Sochi"]
[Date "2018.05.10"]
[Round "9.15"]
[White "Yuffa, Daniil"]
[Black "Timofeev, Artyom"]
[Result "1/2-1/2"]
[BlackElo "2579"]
[WhiteElo "2566"]
[LiveChessVersion "1.4.8"]

1. d4 {[%clk 1:30:56]} Nf6 {[%clk 1:30:51]} 2. c4 {[%clk 1:31:23]} g6
{[%clk 1:31:12]} 3. Nc3 {[%clk 1:31:50]} d5 {[%clk 1:31:32]} 4. Nf3
{[%clk 1:31:51]} Bg7 {[%clk 1:31:48]} 5. Bg5 {[%clk 1:32:15]} Ne4
{[%clk 1:30:48]} 6. h4 {[%clk 1:32:40]} Nxg5 {[%clk 1:09:32]} 7. hxg5
{[%clk 1:33:03]} dxc4 {[%clk 1:09:57]} 8. Qa4+ {[%clk 1:33:10]} c6
{[%clk 1:07:38]} 9. Qxc4 {[%clk 1:33:24]} Qb6 {[%clk 1:07:45]} 10. O-O-O
{[%clk 1:19:59]} Be6 {[%clk 1:07:38]} 11. Qa4 {[%clk 1:19:36]} a5
{[%clk 1:00:30]} 12. Rh4 {[%clk 1:07:05]} Nd7 {[%clk 0:53:39]} 13. e3
{[%clk 1:04:37]} Qc7 {[%clk 0:50:43]} 14. Qc2 {[%clk 1:03:13]} a4
{[%clk 0:43:26]} 15. d5 {[%clk 0:56:58]} cxd5 {[%clk 0:41:34]} 16. Nxd5
{[%clk 0:56:03]} Qxc2+ {[%clk 0:37:27]} 17. Kxc2 {[%clk 0:56:31]} Rc8+
{[%clk 0:29:40]} 18. Kb1 {[%clk 0:49:51]} a3 {[%clk 0:16:54]} 19. bxa3
{[%clk 0:47:38]} Rc5 {[%clk 0:13:35]} 20. Bc4 {[%clk 0:43:16]} h5
{[%clk 0:10:47]} 21. Rf4 {[%clk 0:28:26]} Bf5+ {[%clk 0:10:04]} 22. e4
{[%clk 0:24:46]} Be6 {[%clk 0:06:52]} 23. Bb3 {[%clk 0:24:35]} Ne5
{[%clk 0:06:10]} 24. Nxe5 {[%clk 0:20:26]} Bxe5 {[%clk 0:06:34]} 25. Rh4
{[%clk 0:20:49]} Bxd5 {[%clk 0:05:13]} 26. Rxd5 {[%clk 0:19:09]} Rxd5
{[%clk 0:05:33]} 27. Bxd5 {[%clk 0:16:15]} b6 {[%clk 0:05:48]} 28. f4
{[%clk 0:15:31]} Bd6 {[%clk 0:05:21]} 29. e5 {[%clk 0:15:03]} Bc5
{[%clk 0:04:56]} 30. f5 {[%clk 0:03:21]} gxf5 {[%clk 0:05:13]} 31. e6
{[%clk 0:03:15]} fxe6 {[%clk 0:05:09]} 32. Bxe6 {[%clk 0:03:29]} Kf8
{[%clk 0:04:38]} 33. Bxf5 {[%clk 0:03:37]} Kg7 {[%clk 0:04:56]} 34. a4
{[%clk 0:02:24]} Rd8 {[%clk 0:02:25]} 35. Rxh5 {[%clk 0:01:58]} Rh8
{[%clk 0:02:45]} 36. g4 {[%clk 0:01:44]} Be3 {[%clk 0:02:38]} 37. g6
{[%clk 0:01:58]} Rxh5 {[%clk 0:02:26]} 38. gxh5 {[%clk 0:02:26]} e6
{[%clk 0:02:01]} 39. Be4 {[%clk 0:02:08]} Bd2 {[%clk 0:02:17]} 40. Kc2
{[%clk 0:32:35]} Ba5 {[%clk 0:32:37]} 41. Kd3 {[%clk 0:33:01]} Be1
{[%clk 0:32:32]} 42. Kc4 {[%clk 0:33:25]} Ba5 {[%clk 0:29:51]} 43. Kb5
{[%clk 0:33:53]} Kh6 {[%clk 0:30:12]} 44. Kc6 {[%clk 0:34:19]} Kg7
{[%clk 0:30:36]} 45. Kc7 {[%clk 0:34:32]} Kh6 {[%clk 0:30:49]} 46. Bd3
{[%clk 0:34:07]} Kg7 {[%clk 0:31:12]} 47. Kd7 {[%clk 0:34:26]} Bc3
{[%clk 0:31:31]} 48. Kxe6 {[%clk 0:34:38]} Ba5 {[%clk 0:31:52]} 49. h6+
{[%clk 0:34:32]} Kxh6 {[%clk 0:32:16]} 50. Kf7 {[%clk 0:35:00]} Bc3
{[%clk 0:32:38]} 51. a3 {[%clk 0:35:26]} Bd4 {[%clk 0:32:49]} 1/2-1/2

[Event "Team men PL final"]
[Site "Sochi"]
[Date "2018.05.10"]
[Round "9.16"]
[White "Iljin, Artem"]
[Black "Antipov, Mikhail Al."]
[Result "0-1"]
[BlackElo "2597"]
[WhiteElo "2528"]
[LiveChessVersion "1.4.8"]

1. d4 {[%clk 1:30:53]} Nf6 {[%clk 1:30:54]} 2. Nf3 {[%clk 1:30:48]} c6
{[%clk 1:31:19]} 3. c4 {[%clk 1:30:41]} d5 {[%clk 1:31:45]} 4. e3
{[%clk 1:30:19]} Bf5 {[%clk 1:32:09]} 5. Nc3 {[%clk 1:30:35]} e6 {[%clk 1:29:22]}
6. Nh4 {[%clk 1:30:05]} Be4 {[%clk 1:29:43]} 7. f3 {[%clk 1:29:30]} Bg6
{[%clk 1:30:07]} 8. Qb3 {[%clk 1:28:46]} Qc7 {[%clk 1:30:30]} 9. Bd2
{[%clk 1:27:35]} a6 {[%clk 1:30:53]} 10. Rc1 {[%clk 1:21:24]} dxc4
{[%clk 1:09:25]} 11. Bxc4 {[%clk 1:21:28]} b5 {[%clk 1:09:12]} 12. Be2
{[%clk 1:20:59]} c5 {[%clk 1:09:11]} 13. dxc5 {[%clk 1:16:02]} Nc6
{[%clk 1:09:24]} 14. a3 {[%clk 0:58:40]} Rd8 {[%clk 1:07:38]} 15. Nxg6
{[%clk 0:46:33]} hxg6 {[%clk 1:08:01]} 16. g3 {[%clk 0:46:03]} g5
{[%clk 0:42:07]} 17. Qc2 {[%clk 0:43:37]} Ne5 {[%clk 0:41:31]} 18. Ne4
{[%clk 0:29:10]} Nxe4 {[%clk 0:41:43]} 19. Qxe4 {[%clk 0:29:27]} f5
{[%clk 0:42:08]} 20. Qc2 {[%clk 0:29:13]} Be7 {[%clk 0:41:44]} 21. b4
{[%clk 0:22:49]} Kf7 {[%clk 0:41:47]} 22. O-O {[%clk 0:20:13]} Rh3
{[%clk 0:38:40]} 23. Rf2 {[%clk 0:20:06]} Rdh8 {[%clk 0:38:48]} 24. f4
{[%clk 0:16:16]} gxf4 {[%clk 0:33:31]} 25. exf4 {[%clk 0:16:20]} Qc6
{[%clk 0:31:07]} 26. Rg2 {[%clk 0:04:57]} Nf3+ {[%clk 0:31:23]} 27. Bxf3
{[%clk 0:05:20]} Qxf3 {[%clk 0:31:48]} 28. Re1 {[%clk 0:04:41]} Bf6
{[%clk 0:30:49]} 29. Re3 {[%clk 0:00:56]} Bd4 {[%clk 0:30:39]} 30. Qb3
{[%clk 0:01:10]} R8h6 {[%clk 0:27:27]} 31. Qd3 {[%clk 0:00:52]} Qd1+
{[%clk 0:27:03]} 32. Qf1 {[%clk 0:01:10]} Bxe3+ {[%clk 0:26:25]} 33. Bxe3
{[%clk 0:01:35]} Qxf1+ {[%clk 0:26:48]} 34. Kxf1 {[%clk 0:02:02]} Rxh2
{[%clk 0:27:11]} 35. Rxh2 {[%clk 0:01:59]} Rxh2 {[%clk 0:27:36]} 36. Bf2
{[%clk 0:02:24]} Ke7 {[%clk 0:27:54]} 37. Kg1 {[%clk 0:02:37]} Rh5
{[%clk 0:27:45]} 38. Bd4 {[%clk 0:02:21]} g5 {[%clk 0:27:56]} 39. Kg2
{[%clk 0:01:32]} Kd7 {[%clk 0:25:59]} 40. Be3 {[%clk 0:31:44]} gxf4
{[%clk 0:56:18]} 41. gxf4 {[%clk 0:31:57]} Kc6 {[%clk 0:56:45]} 42. Bd4
{[%clk 0:32:02]} Rh7 {[%clk 0:57:02]} 0-1

[Event "Team men PL final"]
[Site "Sochi"]
[Date "2018.05.10"]
[Round "9.17"]
[White "Lomasov, Semen"]
[Black "Hasangatin, Ramil"]
[Result "1-0"]
[BlackElo "2502"]
[WhiteElo "2559"]
[LiveChessVersion "1.4.8"]

1. e4 {[%clk 1:30:58]} c5 {[%clk 1:30:34]} 2. Nf3 {[%clk 1:31:23]} Nc6
{[%clk 1:31:00]} 3. d4 {[%clk 1:31:49]} cxd4 {[%clk 1:31:27]} 4. Nxd4
{[%clk 1:32:13]} e5 {[%clk 1:31:24]} 5. Nb5 {[%clk 1:32:38]} a6 {[%clk 1:31:52]}
6. Nd6+ {[%clk 1:33:01]} Bxd6 {[%clk 1:32:17]} 7. Qxd6 {[%clk 1:33:25]} Qe7
{[%clk 1:32:44]} 8. Qd1 {[%clk 1:33:20]} Nf6 {[%clk 1:32:51]} 9. Nc3
{[%clk 1:33:44]} d6 {[%clk 1:33:13]} 10. Bg5 {[%clk 1:33:51]} Be6
{[%clk 1:33:39]} 11. Nd5 {[%clk 1:34:14]} Bxd5 {[%clk 1:34:05]} 12. exd5
{[%clk 1:34:39]} Nb8 {[%clk 1:34:34]} 13. a4 {[%clk 1:21:50]} h6 {[%clk 1:29:21]}
14. Be3 {[%clk 1:20:12]} a5 {[%clk 1:27:40]} 15. Bb5+ {[%clk 1:20:16]} Nbd7
{[%clk 1:27:09]} 16. g4 {[%clk 1:19:26]} h5 {[%clk 1:17:37]} 17. g5
{[%clk 0:56:53]} Ng4 {[%clk 1:16:14]} 18. Bd2 {[%clk 0:57:16]} e4
{[%clk 1:13:52]} 19. Qe2 {[%clk 0:55:41]} Nge5 {[%clk 0:34:49]} 20. O-O-O
{[%clk 0:55:21]} Nf3 {[%clk 0:35:17]} 21. Bf4 {[%clk 0:38:02]} Rd8
{[%clk 0:16:20]} 22. h4 {[%clk 0:16:50]} O-O {[%clk 0:15:07]} 23. Rh3
{[%clk 0:15:57]} Nfe5 {[%clk 0:07:17]} 24. Qxe4 {[%clk 0:14:48]} Nc5
{[%clk 0:07:47]} 25. Qe2 {[%clk 0:08:29]} Ng6 {[%clk 0:08:16]} 26. Be3
{[%clk 0:03:16]} Rc8 {[%clk 0:06:41]} 27. Kb1 {[%clk 0:03:39]} Qe4
{[%clk 0:05:16]} 28. f3 {[%clk 0:02:58]} Qf5 {[%clk 0:05:05]} 29. Rhh1
{[%clk 0:02:48]} Rc7 {[%clk 0:03:55]} 30. Ka2 {[%clk 0:02:11]} Rfc8
{[%clk 0:02:38]} 31. c3 {[%clk 0:02:34]} Re7 {[%clk 0:02:18]} 32. Qf2
{[%clk 0:02:07]} Ne5 {[%clk 0:02:28]} 33. Bxc5 {[%clk 0:01:39]} Rxc5
{[%clk 0:02:45]} 34. Rhe1 {[%clk 0:01:47]} Rcc7 {[%clk 0:00:56]} 35. Qb6
{[%clk 0:01:57]} Qg6 {[%clk 0:00:37]} 36. Rxe5 {[%clk 0:01:38]} dxe5
{[%clk 0:00:41]} 37. Qxg6 {[%clk 0:02:03]} 1-0

[Event "Team men PL final"]
[Site "Sochi"]
[Date "2018.05.10"]
[Round "9.18"]
[White "Faizrakhmanov, Ramil"]
[Black "Golubov, Saveliy"]
[Result "0-1"]
[BlackElo "2491"]
[WhiteElo "2419"]
[LiveChessVersion "1.4.8"]

1. c4 {[%clk 1:30:54]} e5 {[%clk 1:29:22]} 2. Nc3 {[%clk 1:30:56]} Nf6
{[%clk 1:28:59]} 3. Nf3 {[%clk 1:30:50]} Nc6 {[%clk 1:28:56]} 4. e3
{[%clk 1:30:46]} Be7 {[%clk 1:21:11]} 5. a3 {[%clk 1:26:38]} d5 {[%clk 1:19:43]}
6. cxd5 {[%clk 1:22:08]} Nxd5 {[%clk 1:20:02]} 7. Bb5 {[%clk 1:21:12]} O-O
{[%clk 1:13:10]} 8. O-O {[%clk 1:17:06]} Nxc3 {[%clk 1:11:26]} 9. dxc3
{[%clk 1:14:54]} e4 {[%clk 1:11:21]} 10. Bxc6 {[%clk 1:00:49]} bxc6
{[%clk 1:02:12]} 11. Qxd8 {[%clk 1:00:08]} Rxd8 {[%clk 1:01:54]} 12. Nd4
{[%clk 1:00:30]} Bd7 {[%clk 1:01:18]} 13. b4 {[%clk 0:59:57]} c5 {[%clk 0:58:30]}
14. bxc5 {[%clk 0:58:09]} Bxc5 {[%clk 0:58:37]} 15. a4 {[%clk 0:58:13]} Bf8
{[%clk 0:58:07]} 16. Ba3 {[%clk 0:48:12]} c5 {[%clk 0:57:13]} 17. Nb3
{[%clk 0:48:02]} Rdc8 {[%clk 0:56:05]} 18. c4 {[%clk 0:47:04]} Rab8
{[%clk 0:53:40]} 19. Nd2 {[%clk 0:45:19]} f5 {[%clk 0:53:21]} 20. g4
{[%clk 0:40:33]} fxg4 {[%clk 0:50:32]} 21. Nxe4 {[%clk 0:39:14]} Bf5
{[%clk 0:50:13]} 22. Nc3 {[%clk 0:37:22]} Bd3 {[%clk 0:47:18]} 23. Rfc1
{[%clk 0:37:33]} Bxc4 {[%clk 0:47:29]} 24. Ne4 {[%clk 0:37:29]} Bd5
{[%clk 0:47:51]} 25. Nxc5 {[%clk 0:36:03]} Bf3 {[%clk 0:48:14]} 26. Rc4
{[%clk 0:29:55]} Rc6 {[%clk 0:47:19]} 27. Rac1 {[%clk 0:25:18]} Rbc8
{[%clk 0:42:23]} 28. a5 {[%clk 0:17:57]} Bd6 {[%clk 0:41:36]} 29. Bb4
{[%clk 0:13:33]} g5 {[%clk 0:41:10]} 30. Kf1 {[%clk 0:08:45]} Bxh2
{[%clk 0:41:15]} 31. Ke1 {[%clk 0:09:01]} h5 {[%clk 0:41:08]} 0-1

[Event "Team men PL final"]
[Site "Sochi"]
[Date "2018.05.10"]
[Round "9.19"]
[White "Sarana, Alexey"]
[Black "Romanov, Evgeny"]
[Result "0-1"]
[BlackElo "2619"]
[WhiteElo "2587"]
[LiveChessVersion "1.4.8"]

1. d4 {[%clk 1:30:56]} d5 {[%clk 1:30:50]} 2. c4 {[%clk 1:31:19]} e6
{[%clk 1:31:09]} 3. Nf3 {[%clk 1:31:43]} Bb4+ {[%clk 1:30:57]} 4. Bd2
{[%clk 1:31:58]} a5 {[%clk 1:31:14]} 5. e3 {[%clk 1:31:04]} Nf6 {[%clk 1:30:53]}
6. Bd3 {[%clk 1:31:27]} O-O {[%clk 1:30:31]} 7. O-O {[%clk 1:31:51]} b6
{[%clk 1:29:45]} 8. a3 {[%clk 1:31:02]} Be7 {[%clk 1:28:18]} 9. Nc3
{[%clk 1:28:21]} Bb7 {[%clk 1:27:38]} 10. cxd5 {[%clk 1:16:10]} exd5
{[%clk 1:27:47]} 11. b3 {[%clk 1:15:09]} Nbd7 {[%clk 1:24:51]} 12. Bc1
{[%clk 1:15:17]} Re8 {[%clk 1:13:43]} 13. Bb2 {[%clk 1:15:21]} Ne4
{[%clk 1:13:28]} 14. Qc2 {[%clk 1:14:22]} Bf8 {[%clk 1:13:44]} 15. Ne2
{[%clk 1:04:36]} Bd6 {[%clk 1:12:31]} 16. Ng3 {[%clk 1:02:47]} g6
{[%clk 1:12:22]} 17. Rac1 {[%clk 0:59:38]} Rc8 {[%clk 1:12:20]} 18. Qe2
{[%clk 0:56:59]} Qe7 {[%clk 1:07:20]} 19. a4 {[%clk 0:55:05]} h5 {[%clk 1:07:17]}
20. Nd2 {[%clk 0:51:48]} Nxg3 {[%clk 0:53:38]} 21. hxg3 {[%clk 0:52:09]} Nf6
{[%clk 0:53:53]} 22. Rfe1 {[%clk 0:46:49]} Ng4 {[%clk 0:50:30]} 23. Nf1
{[%clk 0:45:07]} Qg5 {[%clk 0:49:24]} 24. f3 {[%clk 0:42:07]} Nh6
{[%clk 0:48:15]} 25. Qc2 {[%clk 0:39:10]} Bxg3 {[%clk 0:32:42]} 26. Nxg3
{[%clk 0:38:35]} Qxg3 {[%clk 0:32:26]} 27. Qf2 {[%clk 0:37:47]} Qg5
{[%clk 0:32:35]} 28. Rc2 {[%clk 0:35:44]} Nf5 {[%clk 0:31:29]} 29. Bxf5
{[%clk 0:31:56]} Qxf5 {[%clk 0:31:48]} 30. Rc3 {[%clk 0:32:13]} c6
{[%clk 0:25:14]} 31. Qh4 {[%clk 0:22:58]} Qd7 {[%clk 0:18:35]} 32. e4
{[%clk 0:16:14]} dxe4 {[%clk 0:14:34]} 33. Rce3 {[%clk 0:16:39]} exf3
{[%clk 0:12:21]} 34. d5 {[%clk 0:13:37]} Rxe3 {[%clk 0:12:00]} 35. Rxe3
{[%clk 0:14:01]} Qf5 {[%clk 0:09:00]} 36. Qf2 {[%clk 0:09:39]} Qxd5
{[%clk 0:05:19]} 37. Qe1 {[%clk 0:08:42]} Qc5 {[%clk 0:04:25]} 38. Kh2
{[%clk 0:08:33]} Qc2 {[%clk 0:03:43]} 39. Rxf3 {[%clk 0:08:12]} Qxb2
{[%clk 0:03:56]} 40. Qe7 {[%clk 0:38:41]} Rf8 {[%clk 0:32:19]} 41. Qxb7
{[%clk 0:39:02]} Qe5+ {[%clk 0:32:41]} 42. Kg1 {[%clk 0:39:27]} Qc5+
{[%clk 0:32:15]} 43. Kh2 {[%clk 0:39:54]} b5 {[%clk 0:32:28]} 44. Qc7
{[%clk 0:40:08]} bxa4 {[%clk 0:31:54]} 45. bxa4 {[%clk 0:40:35]} Qd5
{[%clk 0:31:51]} 46. Rf6 {[%clk 0:40:58]} Re8 {[%clk 0:31:29]} 0-1

[Event "Team men PL final"]
[Site "Sochi"]
[Date "2018.05.10"]
[Round "9.20"]
[White "Alekseev, Evgeny"]
[Black "Esipenko, Andrey"]
[Result "1-0"]
[BlackElo "2587"]
[WhiteElo "2622"]
[LiveChessVersion "1.4.8"]

1. e4 {[%clk 1:30:58]} c6 {[%clk 1:30:55]} 2. d4 {[%clk 1:31:00]} d5
{[%clk 1:31:20]} 3. exd5 {[%clk 1:31:14]} cxd5 {[%clk 1:31:44]} 4. Nf3
{[%clk 1:31:30]} Nc6 {[%clk 1:31:09]} 5. Ne5 {[%clk 1:31:47]} e6 {[%clk 1:25:37]}
6. Bb5 {[%clk 1:29:27]} Bd7 {[%clk 1:25:34]} 7. Nxd7 {[%clk 1:29:36]} Qxd7
{[%clk 1:25:58]} 8. c3 {[%clk 1:28:43]} Nf6 {[%clk 1:24:26]} 9. O-O
{[%clk 1:25:18]} Bd6 {[%clk 1:24:35]} 10. Nd2 {[%clk 1:25:20]} Qc7
{[%clk 1:21:54]} 11. g3 {[%clk 1:21:26]} O-O {[%clk 1:18:42]} 12. Bd3
{[%clk 1:18:15]} a6 {[%clk 1:14:56]} 13. a4 {[%clk 1:10:06]} Na5 {[%clk 1:09:26]}
14. f4 {[%clk 1:04:02]} Rab8 {[%clk 1:04:35]} 15. Qe2 {[%clk 1:02:20]} g6
{[%clk 1:03:11]} 16. Ra2 {[%clk 1:00:55]} Be7 {[%clk 0:59:57]} 17. Nf3
{[%clk 0:58:24]} Nc4 {[%clk 0:59:51]} 18. Bxc4 {[%clk 0:55:33]} Qxc4
{[%clk 0:59:40]} 19. Qxc4 {[%clk 0:55:45]} dxc4 {[%clk 1:00:04]} 20. a5
{[%clk 0:55:28]} Rbc8 {[%clk 0:52:49]} 21. Ra4 {[%clk 0:53:11]} Rc7
{[%clk 0:51:25]} 22. f5 {[%clk 0:51:56]} gxf5 {[%clk 0:51:32]} 23. Bf4
{[%clk 0:52:19]} Rcc8 {[%clk 0:51:51]} 24. Ne5 {[%clk 0:48:29]} Nd5
{[%clk 0:51:08]} 25. Rxc4 {[%clk 0:45:36]} Rxc4 {[%clk 0:23:20]} 26. Nxc4
{[%clk 0:45:41]} Rc8 {[%clk 0:23:28]} 27. Ne5 {[%clk 0:42:55]} h5
{[%clk 0:21:05]} 28. Kf2 {[%clk 0:34:18]} h4 {[%clk 0:19:14]} 29. Kf3
{[%clk 0:33:01]} hxg3 {[%clk 0:19:14]} 30. Bxg3 {[%clk 0:29:43]} f6
{[%clk 0:18:02]} 31. Nd3 {[%clk 0:27:41]} Kf7 {[%clk 0:18:26]} 32. h4
{[%clk 0:20:03]} Bf8 {[%clk 0:14:22]} 33. Re1 {[%clk 0:15:53]} Rc6
{[%clk 0:14:15]} 34. Nf4 {[%clk 0:14:01]} Ne7 {[%clk 0:14:02]} 35. Bf2
{[%clk 0:09:39]} Bh6 {[%clk 0:10:05]} 36. Nd3 {[%clk 0:09:47]} Nd5
{[%clk 0:08:19]} 37. Nc5 {[%clk 0:08:42]} b5 {[%clk 0:05:45]} 38. axb6
{[%clk 0:06:27]} Rxb6 {[%clk 0:05:48]} 39. c4 {[%clk 0:06:35]} Nb4
{[%clk 0:05:10]} 40. Re2 {[%clk 0:30:47]} Bg7 {[%clk 0:33:01]} 41. Bg3
{[%clk 0:25:40]} Rc6 {[%clk 0:18:22]} 42. Nb7 {[%clk 0:22:06]} Ke7
{[%clk 0:12:12]} 43. d5 {[%clk 0:16:00]} Rxc4 {[%clk 0:12:19]} 44. Bd6+
{[%clk 0:15:43]} Ke8 {[%clk 0:12:41]} 45. Bxb4 {[%clk 0:14:41]} Rxb4
{[%clk 0:12:56]} 46. Nd6+ {[%clk 0:15:00]} Kd8 {[%clk 0:09:35]} 47. dxe6
{[%clk 0:15:17]} Rb3+ {[%clk 0:09:52]} 48. Re3 {[%clk 0:07:49]} Rxe3+
{[%clk 0:10:06]} 49. Kxe3 {[%clk 0:08:15]} Bh6+ {[%clk 0:09:49]} 50. Kd3
{[%clk 0:08:39]} Bc1 {[%clk 0:08:57]} 51. Kc2 {[%clk 0:09:05]} Ke7
{[%clk 0:08:37]} 52. Nxf5+ {[%clk 0:09:10]} Kxe6 {[%clk 0:08:59]} 53. Nd4+
{[%clk 0:09:37]} 1-0

[Event "Team men PL final"]
[Site "Sochi"]
[Date "2018.05.10"]
[Round "9.21"]
[White "Kobalia, Mikhail"]
[Black "Lobanov, Sergei"]
[Result "1-0"]
[BlackElo "2515"]
[WhiteElo "2601"]
[LiveChessVersion "1.4.8"]

1. e4 {[%clk 1:30:57]} c6 {[%clk 1:30:49]} 2. d4 {[%clk 1:31:00]} d5
{[%clk 1:31:14]} 3. exd5 {[%clk 1:31:19]} cxd5 {[%clk 1:31:40]} 4. Bd3
{[%clk 1:31:35]} Nc6 {[%clk 1:31:37]} 5. c3 {[%clk 1:32:00]} Qc7 {[%clk 1:30:50]}
6. Ne2 {[%clk 1:32:11]} Bg4 {[%clk 1:31:04]} 7. O-O {[%clk 1:32:33]} e6
{[%clk 1:29:47]} 8. Qe1 {[%clk 1:32:55]} Nf6 {[%clk 1:29:37]} 9. Bg5
{[%clk 1:33:09]} Bxe2 {[%clk 1:18:09]} 10. Qxe2 {[%clk 1:33:27]} Bd6
{[%clk 1:18:02]} 11. g3 {[%clk 1:31:26]} Nd7 {[%clk 1:07:52]} 12. Nd2
{[%clk 1:30:27]} O-O {[%clk 1:03:16]} 13. Nf3 {[%clk 1:28:27]} Rfe8
{[%clk 0:54:30]} 14. Rad1 {[%clk 1:18:32]} a6 {[%clk 0:54:28]} 15. Bc1
{[%clk 1:16:22]} b5 {[%clk 0:51:30]} 16. a4 {[%clk 1:11:58]} bxa4
{[%clk 0:47:52]} 17. Qc2 {[%clk 1:11:36]} Nf8 {[%clk 0:37:59]} 18. Qxa4
{[%clk 1:11:56]} Na5 {[%clk 0:37:18]} 19. Rfe1 {[%clk 1:11:02]} Rec8
{[%clk 0:31:09]} 20. Ne5 {[%clk 0:55:39]} f6 {[%clk 0:25:56]} 21. Ng4
{[%clk 0:53:35]} Nc4 {[%clk 0:26:09]} 22. Ne3 {[%clk 0:53:19]} Nb6
{[%clk 0:25:44]} 23. Qa5 {[%clk 0:38:08]} Nbd7 {[%clk 0:26:03]} 24. Qa2
{[%clk 0:37:31]} Nb6 {[%clk 0:23:55]} 25. Bd2 {[%clk 0:36:02]} a5
{[%clk 0:21:33]} 26. Rc1 {[%clk 0:34:53]} Qd7 {[%clk 0:17:19]} 27. c4
{[%clk 0:23:24]} Bb4 {[%clk 0:15:07]} 28. Bxb4 {[%clk 0:20:24]} axb4
{[%clk 0:15:36]} 29. Qb3 {[%clk 0:20:43]} dxc4 {[%clk 0:12:13]} 30. Bxc4
{[%clk 0:21:09]} Kh8 {[%clk 0:10:14]} 31. d5 {[%clk 0:17:30]} exd5
{[%clk 0:05:28]} 32. Bxd5 {[%clk 0:17:54]} Nxd5 {[%clk 0:05:43]} 33. Nxd5
{[%clk 0:16:37]} Rxc1 {[%clk 0:06:10]} 34. Rxc1 {[%clk 0:17:05]} Qe6
{[%clk 0:05:22]} 35. Qf3 {[%clk 0:15:56]} Rc8 {[%clk 0:01:27]} 36. Rxc8
{[%clk 0:12:14]} Qxc8 {[%clk 0:01:56]} 37. Kg2 {[%clk 0:12:23]} Qc5
{[%clk 0:01:19]} 38. h4 {[%clk 0:07:53]} h6 {[%clk 0:01:25]} 39. Qe4
{[%clk 0:07:59]} b3 {[%clk 0:01:46]} 40. Ne7 {[%clk 0:33:35]} h5 {[%clk 0:30:44]}
41. Nd5 {[%clk 0:30:52]} Kg8 {[%clk 0:19:33]} 42. Qf3 {[%clk 0:30:28]} Qc2
{[%clk 0:14:14]} 43. Qxh5 {[%clk 0:30:20]} Qe4+ {[%clk 0:13:43]} 44. Qf3
{[%clk 0:30:29]} Qc2 {[%clk 0:13:40]} 45. Ne7+ {[%clk 0:26:18]} Kf7
{[%clk 0:14:00]} 46. Nf5 {[%clk 0:26:39]} Qxb2 {[%clk 0:02:18]} 47. Qd5+
{[%clk 0:25:26]} 1-0